Bienestar social y el capital social como elemento constructor de comunidad en el sector la puntilla del barrio olaya herrera de la ciudad de cartagena, durante el periodo 2017-2018 / (Registro nro. 5998)
[ vista simple ]
| 000 -LEADER | |
|---|---|
| fixed length control field | 02223nam a2200253 4500 |
| 001 - CONTROL NUMBER | |
| control field | 0000010885 |
| 005 - DATE AND TIME OF LATEST TRANSACTION | |
| control field | 20250329165510.0 |
| 008 - FIXED-LENGTH DATA ELEMENTS--GENERAL INFORMATION | |
| fixed length control field | 180709s2018 000 0 eng d |
| 040 ## - CATALOGING SOURCE | |
| Original cataloging agency | CO-CtgCURN |
| Language of cataloging | spa |
| Transcribing agency | coctgcurn |
| 082 0# - DEWEY DECIMAL CLASSIFICATION NUMBER | |
| Classification number | TSO 2018 |
| Item number | G934 |
| 100 1# - MAIN ENTRY--PERSONAL NAME | |
| Personal name | Alvarado Guerra, Carmen Victoria. |
| 245 10 - TITLE STATEMENT | |
| Title | Bienestar social y el capital social como elemento constructor de comunidad en el sector la puntilla del barrio olaya herrera de la ciudad de cartagena, durante el periodo 2017-2018 / |
| Statement of responsibility, etc. | Carmen Victoria Alvarado Guerra; Ana María López Marsiglia; Nain Elena Montero Montes; Cintia Torrenegra Marrugo; Investigador: Rocio M. González Navarro. |
| 260 ## - PUBLICATION, DISTRIBUTION, ETC. | |
| Place of publication, distribution, etc. | Cartagena de Indias : |
| Name of publisher, distributor, etc. | Corporación Universitaria Rafael Nuñez, |
| Date of publication, distribution, etc. | 2018. |
| 504 ## - BIBLIOGRAPHY, ETC. NOTE | |
| Bibliography, etc. note | Trabajo de grado (Trabajo Social). Corporación Universitaria Rafael Nuñez. Facultad de Ciencias de Sociales y Humanas. Trabajo Social, 2018. |
| 520 ## - SUMMARY, ETC. | |
| Summary, etc. | La presente Investigación se situa en un campo que cobra cada vez mas relevancia e interes en el Trabajo Social desde la decada de los 70?s: el Bienestar Social y el capital social. El contexto social se encuentra en decreciente complejidad en las ultimas decadas, este ha modificado sustancialmente en las bases sobre las que se habia construido el consenso sobre el bienestar social del individuo. Es de esta manera que uno de los focos de interes de esta Investigación gira en torno al bienestar del individuo, a la participacion comunitaria y a la construcción del capital social de la comunidad; centrandose en analizar los posibles marcos de relaciones que se establecen entre los distintos agentes sociales en la satisfacción individual y colectivas. |
| 650 #0 - SUBJECT ADDED ENTRY--TOPICAL TERM | |
| Topical term or geographic name entry element | Trabajo social |
| Form subdivision | Tesis y disertaciones academicas. |
| 700 1# - ADDED ENTRY--PERSONAL NAME | |
| Personal name | López Marsiglia, Ana María. |
| 700 1# - ADDED ENTRY--PERSONAL NAME | |
| Personal name | Montero Montes, Nain Elena. |
| 700 1# - ADDED ENTRY--PERSONAL NAME | |
| Personal name | Torrenegra Marrugo, Cintia. |
| 700 1# - ADDED ENTRY--PERSONAL NAME | |
| Personal name | González Navarro, Rocio M, |
| Relator term | Investigador. |
| 856 ## - ELECTRONIC LOCATION AND ACCESS | |
| Uniform Resource Identifier | <a href="https://unicurn.sharepoint.com/:b:/s/biblioteca/EeJP2TRiQ-BBo7RcXCn6MLQBXiJUSXsCBCb4vcMDrHlR4A?e=LenBLy">https://unicurn.sharepoint.com/:b:/s/biblioteca/EeJP2TRiQ-BBo7RcXCn6MLQBXiJUSXsCBCb4vcMDrHlR4A?e=LenBLy</a> |
| Public note | Click aqui para ver el recurso en texto completo |
| 942 ## - ADDED ENTRY ELEMENTS (KOHA) | |
| Source of classification or shelving scheme | Dewey Decimal Classification |
| Koha item type | Trabajos de grado |
| Classification part | TSO 2018 |
| Item part | G934 |
| Withdrawn status | Lost status | Damaged status | Not for loan | Collection | Home library | Current library | Shelving location | Date acquired | Cost, normal purchase price | Inventory number | Total checkouts | Full call number | Barcode | Date last seen | Price effective from | Koha item type |
|---|---|---|---|---|---|---|---|---|---|---|---|---|---|---|---|---|
| Trabajos de grado | Miguel Henríquez Castañeda | Miguel Henríquez Castañeda | Trabajo de grado | 09/23/2018 | 35000.00 | 022192 | TSO 2018 G934 | 022192 | 03/29/2025 | 03/29/2025 | Trabajos de grado |